16 ways to avoid saying no : An invitation to experience Japanese management from the inside
Сохранить в:
| Главный автор: | |
|---|---|
| Формат: | |
| Язык: | Undetermined |
| Опубликовано: |
Tokyo
Nihon Keizai Shimbun
1981
|
| Предметы: | |
| Метки: |
Добавить метку
Нет меток, Требуется 1-ая метка записи!
|
| Thư viện lưu trữ: | Trung tâm Học liệu Trường Đại học Cần Thơ |
|---|
| LEADER | 00574nam a2200205Ia 4500 | ||
|---|---|---|---|
| 001 | CTU_98599 | ||
| 008 | 210402s9999 xx 000 0 und d | ||
| 082 | |a 658 | ||
| 082 | |b I.31 | ||
| 100 | |a Masaaki, Imai | ||
| 245 | 0 | |a 16 ways to avoid saying no : | |
| 245 | 3 | |b An invitation to experience Japanese management from the inside | |
| 245 | 0 | |c Masaaki Imai | |
| 260 | |a Tokyo | ||
| 260 | |b Nihon Keizai Shimbun | ||
| 260 | |c 1981 | ||
| 650 | |a Industrial management | ||
| 650 | |z Japan | ||
| 904 | |i Hiếu | ||
| 980 | |a Trung tâm Học liệu Trường Đại học Cần Thơ | ||